000
00304nam a22001337a 4500
020
_a
0-340-24643-X
082
_a
621.381 SLA'E
100
_a
SLADDIN, MEL
_9
65681
245
_a
ELEMENTARY ELECTRONICS
260
_a
LONDON
_b
HODDER
_c
1983
300
_a
172P
650
_a
ELECTRONICS
_9
24428
942
_c
BK
999
_c
573824
_d
573824